So it goes... - Taylor Swift Lyrics - Statistics

General Stats
  • This quiz has been taken 7 times
  • The average score is 346 of 383
Answer Stats
Answer % Correct
a
100%
all
100%
and
100%
baby
100%
clear
100%
dark
100%
days
100%
disappear
100%
everyone
100%
eyes
100%
goes
100%
I
100%
i
100%
im
100%
in
100%
it
100%
magician
100%
make
100%
me
100%
my
100%
on
100%
See
100%
so
100%
the
100%
things
100%
to
100%
up
100%
us
100%
wall
100%
you
100%
your
100%
yours
100%
against
86%
back
86%
bad
86%
but
86%
caught
86%
come
86%
countin
86%
do
86%
down
86%
face
86%
fall
86%
feel
86%
feelings
86%
get
86%
girl
86%
got
86%
gray
86%
here
86%
honestly
86%
hostage
86%
into
86%
keep
86%
know
86%
like
86%
lipstick
86%
lose
86%
moment
86%
not
86%
now
86%
number
86%
one
86%
pieces
86%
place
86%
right
86%
scratches
86%
three
86%
two
86%
whos
86%
with
86%
alone
71%
bar
71%
black
71%
cage
71%
can
71%
cause
71%
chill
71%
cut
71%
did
71%
dressed
71%
heart
71%
illusionist
71%
its
71%
jealous
71%
met
71%
necklace
71%
we
71%
wear
71%
what
71%
when
71%
youre
71%
break
57%
gettin
57%
getting
57%
gold
57%
gone
57%
little
57%
simple
57%
skip
57%
skippin
57%
trip
57%
trippin
57%
just
43%
No matching quizzes found
Score Distribution
Percent of People with Each Score
Percentile by Number Answered
Your Score History
You have not taken this quiz